000 00586nam a2200181Ia 4500
008 100921s9999 xx 000 0 und d
082 _b3958
_a808 थ 12
100 _aजोशी रामचंद्र भिकाजी.
245 _aसुलभ अलंकार.
260 _b---
_c1912
300 _a94
_b---
365 _b0.37
520 _aललित- अलंकार,छंद, इ.
630 _aसुलभ अलंकार.
650 _aललित- अलंकार,छंद, इ.
730 _aसुलभ अलंकार.
942 _cBOOK
999 _c753071
_d753068